Statystyki dla Państwa Europy

Kliknij tutaj aby rozwiązać quiz!

Ogólne statystyki

  • Ten quiz został rozwiązany 3 893 razy
  • Średni wynik to 39 z 46

Statystyki odpowiedzi

Państwo% Poprawnych
Polska
98%
Niemcy
95%
Rosja
95%
Francja
94%
Hiszpania
94%
Czechy
93%
Litwa
93%
Portugalia
93%
Szwecja
93%
Łotwa
92%
Słowacja
92%
Białoruś
90%
Norwegia
90%
Ukraina
90%
Wielka Brytania
90%
Włochy
90%
Belgia
89%
Finlandia
89%
Estonia
88%
Holandia
87%
Słowenia
87%
Dania
86%
Grecja
86%
Albania
85%
Chorwacja
85%
Irlandia
85%
Austria
84%
Szwajcaria
82%
Watykan
82%
Rumunia
81%
Andora
80%
Islandia
80%
Bułgaria
79%
Luksemburg
79%
Węgry
79%
Serbia
76%
Czarnogóra
75%
Bośnia i Hercegowina
74%
San Marino
74%
Macedonia
71%
Mołdawia
71%
Turcja
71%
Kosowo
70%
Malta
70%
Monako
69%
Liechtenstein
61%

Rozkład punktacji

Percentyl według liczby udzielonych odpowiedzi

Procent ludzi z każdym wynikiem

Twoja historia wyników

Nie rozwiązałeś tego quizu